| 000 | 01291nam0a2200337 4500 | ||
|---|---|---|---|
| 001 | RU\NLR\BIBL_A\012110206 | ||
| 005 | 20191025161735.0 | ||
| 010 |
_a978-5-9925-0407-1 _91200 |
||
| 021 |
_aRU _bКН-П-19-065489 _9КН-П-19-4704 |
||
| 035 | _a(NLR Aleph) 012110206 | ||
| 035 | _a(RuMoRGB)010082098 | ||
| 090 |
_a11936415 _c11936415 |
||
| 100 | _a20191002d2019 d y0rusy50 ca | ||
| 101 | 0 | _arus | |
| 102 | _aRU | ||
| 105 | _aa|||j|||000zy | ||
| 200 | 1 |
_aДидактические игры для занятий логопеда со школьниками 7-11 лет _eв помощь учителю _fО. Н. Яворская |
|
| 210 |
_aСанкт-Петербург _cКаро _d2019 |
||
| 215 |
_a93, [1] с. _cил., табл. _d20 |
||
| 225 | 1 | _aМастер-класс логопеда | |
| 333 | _a0+ | ||
| 606 | 1 |
_aДисграфия детей _xИсправление _xИгровые методы _xСредняя школа _92603054 _3RU\NLR\auth\661539612 |
|
| 610 | 0 | _aаграфия | |
| 610 | 0 | _aдисграфия | |
| 610 | 0 | _aнарушения письма | |
| 686 | 1 | _aЧ437.93 | |
| 700 | 1 |
_aЯворская _bО. Н. _gОльга Николаевна |
|
| 942 | _cBOOK | ||
| 980 | _aNBR | ||
| 980 | _aNB | ||